Statistics for Letters of the Alphabet Quick Quiz -EASY

Click here to take the quiz!

General Stats

  • This quiz has been taken 551 times
    (539 since last reset)
  • The average score is 22 of 26

Answer Stats

HintAnswer% Correct
1A
97%
5E
93%
4D
91%
2B
90%
6F
90%
3C
89%
8H
89%
7G
88%
10J
87%
18R
87%
9I
86%
17Q
86%
11K
85%
12L
85%
15O
83%
13M
82%
16P
82%
19S
82%
20T
82%
23W
80%
14N
80%
21U
80%
25Y
75%
22V
74%
24X
71%
26Z
70%

Score Distribution

Percentile by Number Answered

Percent of People with Each Score

Your Score History

You have not taken this quiz since the last reset